000 00573nam a2200253Ia 4500
008 210210b2012 xxu||||| |||| 00| 0 eng d
020 _a9781111634780
041 _aeng
082 _a210 POJP
100 _aPOJMAN (Louis P)
245 _aPhilosophy of religion: an anthology Ed 6
250 _a
260 _aAustralia
_bWadsworth
_c2012
300 _axiii,685
650 _areligion:
650 _aPhilosophy
650 _aEd
650 _aanthology
650 _aan
650 _a6
690 _aReligion
700 _aREA (Michael)
906 _a072841
999 _c122650
_d122650